00369nam a2200133 a 4500008004100000050001800041100002300059245006500082260003000147300001700177350000900194650001400203700001800217120416s1966 ||||||||||||||||| || u aG 1046.C1 Ham aCarpenter, Shirley10aHamlyn's new relief world atlascedited by Shirley Carpenter aLondonbPaul Hamlync1966 a205p. : ill. a0.00 aTEXTBOOKS aMarber, Romek